National Collective Identity : (Record no. 11952)
[ view plain ]
| 000 -LEADER | |
|---|---|
| fixed length control field | 01169cam a2200265 a 4500 |
| 001 - CONTROL NUMBER | |
| control field | 3088605 |
| 005 - DATE AND TIME OF LATEST TRANSACTION | |
| control field | 19990322143700.8 |
| 008 - FIXED-LENGTH DATA ELEMENTS--GENERAL INFORMATION | |
| fixed length control field | 980615s1999 nyu b 001 0 eng |
| 010 ## - LIBRARY OF CONGRESS CONTROL NUMBER | |
| LC control number | 98027127 |
| 020 ## - INTERNATIONAL STANDARD BOOK NUMBER | |
| International Standard Book Number | 0231111509 (CL : acidfree paper) |
| 020 ## - INTERNATIONAL STANDARD BOOK NUMBER | |
| International Standard Book Number | 0231111517 (PA : acidfree paper) |
| 040 ## - CATALOGING SOURCE | |
| Original cataloging agency | DLC |
| Transcribing agency | DLC |
| Modifying agency | DLC |
| 050 00 - LIBRARY OF CONGRESS CALL NUMBER | |
| Classification number | JZ1251 |
| Item number | .H35 1999 |
| 082 00 - DEWEY DECIMAL CLASSIFICATION NUMBER | |
| Classification number | 320.12 |
| Edition number | 21 |
| Item number | HAL |
| 100 1# - MAIN ENTRY--PERSONAL NAME | |
| Personal name | Hall, Rodney Bruce, |
| Dates associated with a name | 1960- |
| 9 (RLIN) | 6654 |
| 245 10 - TITLE STATEMENT | |
| Title | National Collective Identity : |
| Remainder of title | Social Constructs and International Systems / |
| Statement of responsibility, etc | Rodney Bruce Hall. |
| 260 ## - PUBLICATION, DISTRIBUTION, ETC. (IMPRINT) | |
| Place of publication, distribution, etc | New York : |
| Name of publisher, distributor, etc | Columbia University Press, |
| Date of publication, distribution, etc | c1999. |
| 300 ## - PHYSICAL DESCRIPTION | |
| Extent | xv, 397 p. ; |
| Dimensions | 24 cm. |
| 504 ## - BIBLIOGRAPHY, ETC. NOTE | |
| Bibliography, etc | Includes bibliographical references (p. [347]-364) and index. |
| 650 #0 - SUBJECT ADDED ENTRY--TOPICAL TERM | |
| Topical term or geographic name as entry element | International relations and culture. |
| 9 (RLIN) | 6655 |
| 650 #0 - SUBJECT ADDED ENTRY--TOPICAL TERM | |
| Topical term or geographic name as entry element | International relations |
| General subdivision | Philosophy. |
| 9 (RLIN) | 6656 |
| 942 ## - ADDED ENTRY ELEMENTS (KOHA) | |
| Source of classification or shelving scheme | Dewey Decimal Classification |
| Item type | Book - Borrowing |
| Withdrawn status | Item status | Source of classification or shelving scheme | Damaged status | Not for loan | Vendor | Home library | Current library | Shelving location | Date acquired | Source of acquisition | Cost, normal purchase price | Serial Enumeration / chronology | Total Checkouts | Total Renewals | Full call number | Barcode | Date last seen | Date last borrowed | Koha item type |
|---|---|---|---|---|---|---|---|---|---|---|---|---|---|---|---|---|---|---|---|
| Dewey Decimal Classification | Baccah | Central Library | Central Library | First floor | 23/06/2009 | 160.00 | 8140 | 2 | 12 | 320.12 HAL | 000016934 | 15/07/2025 | 13/03/2018 | Book - Borrowing |